| 000 | 00713nam a22002297a 4500 | ||
|---|---|---|---|
| 005 | 20251108165007.0 | ||
| 008 | 250721s1990 xx 000 0 ara d | ||
| 082 | 1 | 4 | _a658.4034/قاض |
| 100 | 1 | _aالقاضي، زياد عبد الكريم | |
| 245 | 1 | 0 | _aبحوث العمليات / |
| 246 | 1 | 1 | _aOperations researh |
| 264 | 1 |
_aعمان : _bدار المستقبل للنشر والتوزيع، _c1990. |
|
| 300 | _a196ص. | ||
| 650 | 1 | 7 | _aالإدارة |
| 650 | 1 | 7 | _aتقنيات الإدارة |
| 650 | 1 | 7 | _aالقرارات الإدارية |
| 650 | 1 | 7 | _aبحوث العمليات |
| 700 | 1 | _aجابر، عاطف | |
| 700 | 1 | _aأبو الحسن، عمر | |
| 942 |
_2ddc _cBK |
||
| 999 |
_c19371 _d19371 |
||